Выбор коммутационного оборудования и токоведущих частей электрической части электростанции: учебное пособие

Dades bibliogràfiques
Autor corporatiu: Национальный исследовательский Томский политехнический университет Инженерная школа энергетики Отделение электроэнергетики и электротехники
Altres autors: Уфа Р. А. Руслан Александрович, Космынина Н. М. Нина Михайловна, Суворов А. А. Алексей Александрович, Разживин И. А. Игорь Андреевич
Sumari:Заглавие с титульного экрана
Электронная версия печатной публикации
В пособии рассмотрены цели, задачи, основные правила и этапы проектирования электрической части электростанции, обозначены особенности функционирования и требования к выбору силового оборудования электростанции. Приводится методика выбора коммутационного оборудования, токоведущих частей, измерительных трансформаторов тока и напряжения и структурных схем распределительных устройств. В приложении даны справочные данные и параметры выбираемого коммутационного оборудования, токоведущих частей, измерительных трансформаторов тока и напряжения, а также пример расчета токов короткого замыкания с помощью программного комплекса RastrWin. Предназначено для студентов, обучающихся по направлениям 13.03.02 и 13.04.02 «Электроэнергетика и электротехника» уровней бакалавриата и магистратуры соответственно.
Режим доступа: из корпоративной сети ТПУ
Idioma:rus
Publicat: Томск, Изд-то ТПУ, 2023
Matèries:
Accés en línia:https://www.lib.tpu.ru/fulltext2/m/2023/m21.pdf
Format: MixedMaterials Electrònic Llibre
KOHA link:https://koha.lib.tpu.ru/cgi-bin/koha/opac-detail.pl?biblionumber=378598

MARC

LEADER 00000nlm0a2200000 4500
001 378598
005 20240220093117.0
010 |a 9785438711254 
035 |a (RuTPU)RU\TPU\retro\36055 
035 |a RU\TPU\book\355527 
090 |a 378598 
100 |a 20230605d2023 m y0rusy50 ca 
101 0 |a rus 
102 |a RU 
105 |a a j 001zy 
135 |a drcn ---uucaa 
181 0 |a i  
182 0 |a b 
200 1 |a Выбор коммутационного оборудования и токоведущих частей электрической части электростанции  |e учебное пособие  |f Р. А. Уфа, Н. М. Космынина, А. А. Суворов, И. А. Разживин  |g Национальный исследовательский Томский политехнический университет, Инженерная школа энергетики, Отделение электроэнергетики и электротехники 
203 |a Текст  |c электронный 
210 |a Томск  |c Изд-то ТПУ  |d 2023 
300 |a Заглавие с титульного экрана 
300 |a Электронная версия печатной публикации 
330 |a В пособии рассмотрены цели, задачи, основные правила и этапы проектирования электрической части электростанции, обозначены особенности функционирования и требования к выбору силового оборудования электростанции. Приводится методика выбора коммутационного оборудования, токоведущих частей, измерительных трансформаторов тока и напряжения и структурных схем распределительных устройств. В приложении даны справочные данные и параметры выбираемого коммутационного оборудования, токоведущих частей, измерительных трансформаторов тока и напряжения, а также пример расчета токов короткого замыкания с помощью программного комплекса RastrWin. Предназначено для студентов, обучающихся по направлениям 13.03.02 и 13.04.02 «Электроэнергетика и электротехника» уровней бакалавриата и магистратуры соответственно. 
333 |a Режим доступа: из корпоративной сети ТПУ 
452 1 |0 (RuTPU)RU\TPU\retro\35844  |y 978-5-4387-1125-4  |t Выбор коммутационного оборудования и токоведущих частей электрической части электростанции  |o учебное пособие  |f Р. А. Уфа, Н. М. Космынина, А. А. Суворов, И. А. Разживин  |g Национальный исследовательский Томский политехнический университет  |c Томск  |n Изд-во ТПУ  |d 2023  |p 194 с. 
606 1 |a Электрические станции  |x Оборудование  |2 stltpush  |3 (RuTPU)RU\TPU\subj\27622  |9 51347 
610 1 |a электронный ресурс 
610 1 |a учебные пособия 
610 1 |a труды учёных ТПУ 
610 1 |a расчетные условия 
610 1 |a электрические аппараты 
610 1 |a токоведущие части 
610 1 |a токи короткого замыкания 
610 1 |a коммутационные аппараты 
610 1 |a измерительные трансформаторы 
610 1 |a схемы 
610 1 |a распределительные устройства 
610 1 |a электрические станции 
675 |a 621.311.2.002.5(075.8)  |v 4 
701 1 |a Уфа  |b Р. А.  |c специалист в области электроэнергетики  |c доцент Томского политехнического университета, кандидат технических наук  |f 1988-  |g Руслан Александрович  |3 (RuTPU)RU\TPU\pers\30313  |9 14658 
701 1 |a Космынина  |b Н. М.  |c специалист в области электроэнергетики  |c доцент Томского политехнического университета, кандидат технических наук  |f 1953-  |g Нина Михайловна  |3 (RuTPU)RU\TPU\pers\26575  |9 12264 
701 1 |a Суворов  |b А. А.  |c специалист в области электроэнергетики  |c доцент Томского политехнического университета, кандидат технических наук  |f 1990-  |g Алексей Александрович  |3 (RuTPU)RU\TPU\pers\35125  |9 18400 
701 1 |a Разживин  |b И. А.  |c специалист в области электроэнергетики  |c доцент Томского политехнического университета, кандидат технических наук  |f 1989-  |g Игорь Андреевич  |3 (RuTPU)RU\TPU\pers\37755  |9 20507 
712 0 2 |a Национальный исследовательский Томский политехнический университет  |b Инженерная школа энергетики  |b Отделение электроэнергетики и электротехники  |3 (RuTPU)RU\TPU\col\23505 
801 1 |a RU  |b 63413507  |c 20131204 
801 2 |a RU  |b 63413507  |c 20230614  |g RCR 
856 4 |u https://www.lib.tpu.ru/fulltext2/m/2023/m21.pdf 
942 |c CF